| 000 | 00612nam a2200205Ia 4500 | ||
|---|---|---|---|
| 003 | IN-BaIIA | ||
| 008 | 211028s9999 xx 000 0 eng d | ||
| 020 | _a0-387-96121-6 | ||
| 040 | _cIIA Library | ||
| 080 |
_a512.81:53 _bLEP |
||
| 100 |
_aLepowsky, J _914211 |
||
| 245 | 0 |
_aVertex operators in mathematics and physics _cJ. Lepowsky |
|
| 260 |
_aNew York _bSpringer-Verlag _c1985 |
||
| 300 | _axiv, 482p. | ||
| 650 |
_aAlgebra _91494 |
||
| 650 |
_aGroup Theory _94516 |
||
| 650 |
_aLie Algebras _914212 |
||
| 650 |
_aQuantum Field Theory _96197 |
||
| 942 | _cBK | ||
| 999 |
_c8484 _d8484 |
||